Toward country-led development : A multi-partner evaluation of the comprehensive development framework
Đã lưu trong:
| 格式: | 圖書 |
|---|---|
| 語言: | Undetermined |
| 出版: |
Washigton, D. C.
The World Bank
2003
|
| 主題: | |
| 標簽: |
添加標簽
沒有標簽, 成為第一個標記此記錄!
|
| Thư viện lưu trữ: | Trung tâm Học liệu Trường Đại học Cần Thơ |
|---|
| LEADER | 00524nam a2200169Ia 4500 | ||
|---|---|---|---|
| 001 | CTU_62915 | ||
| 008 | 210402s9999 xx 000 0 und d | ||
| 082 | |a 338.73 | ||
| 082 | |b T737 | ||
| 245 | 0 | |a Toward country-led development : | |
| 245 | 2 | |b A multi-partner evaluation of the comprehensive development framework | |
| 260 | |a Washigton, D. C. | ||
| 260 | |b The World Bank | ||
| 260 | |c 2003 | ||
| 650 | |a Business interprise | ||
| 904 | |i Minh (Nguyên sửa) | ||
| 980 | |a Trung tâm Học liệu Trường Đại học Cần Thơ | ||